000 00489nam a2200157Ia 4500
999 _c36033
_d36033
003 OSt
005 20201211103727.0
008 190216s9999||||xx |||||||||||||| ||und||
040 _coclc
082 _a307.140954
_bRAH/T
100 _aRaha, Manis Kumar
_92979
245 0 _aTribal India Problem Development Prospect /
_cManis Kumar Raha
260 _bGian Publishers,
_c1989.
_aNew Delhi:
300 _a232p
942 _cREF
_2ddc
_h307.140954
_iRAH/T
_k307.140954
_mRAH/T